| 000 | 00835nmm a2200265 a 4500 | ||
|---|---|---|---|
| 001 | ocm000965001 | ||
| 003 | TR-IsHL | ||
| 005 | 20201028150846.0 | ||
| 008 | 150110s2012 tu tur | ||
| 007 | cr cn | ||
| 020 | _a9786055831240 | ||
| 035 |
_a965001 _b(N$T) |
||
| 050 | 0 | 4 |
_aPL248.B354 _bT84 2012 |
| 090 | 0 | 4 |
_aPL248.B354 _bT84 2012 |
| 100 | 1 | _aBalkan, İlker | |
| 245 | 1 | 0 |
_aTufanda aşk ezgileri _h[electronic resource] / _cİlker Balkan |
| 260 |
_aİstanbul : _bAltın Bilek Yayınları, _c2012 |
||
| 300 | _a127 p. | ||
| 650 | 4 | _aDil ve Edebiyat | |
| 650 | 4 | _aLanguage and Literature | |
| 650 | 0 | _aTürk romanı | |
| 650 | 0 | _aTurkish fiction | |
| 650 | 7 |
_aLITERARY COLLECTIONS / Middle Eastern _2bisacsh |
|
| 856 | 4 | 0 | _uhttp://search.ebscohost.com/login.aspx?direct=true&scope=site&db=e011xww&AN=965001 |
| 999 |
_c10699 _d10699 |
||